Market-focused production systems : design and implementation

Bibliographic Details
Main Authors: Bennett, David J. , 1947- (Author), Forrester, Paul L. , 1961- (Author)
Format: Book
Published: New York : Prentice Hall , 1993
Subjects:

MARC

LEADER 00000cam a2200000 7i4500
001 0000004473
005 20170301093000.0
008 021118n
020 |a 013065129X ,   |c (hb.) 
090 0 0 |a TS155   |b .B464 1993 
100 0 |a Bennett, David J. ,   |d 1947- ,   |e author 
245 0 0 |a Market-focused production systems :   |b design and implementation   |c David J. Bennett and Paul L. Forrester 
260 2 |a New York :   |b Prentice Hall ,   |c 1993 
300 |a xvii, 398 p. ; ;   |c 25 cm. 
504 |a Includes bibliographical references and index 
650 0 |a Production engineering 
650 0 |a Production management 
700 0 |a Forrester, Paul L. ,   |d 1961- ,   |e author 
999 |a 1000067516   |b Book   |c OPEN SHELF (30 DAYS)   |e Gong Badak Campus